|
|
|
|
| LEADER |
01753nam a2200421 i 4500 |
| 001 |
EBC3046010 |
| 003 |
MiAaPQ |
| 005 |
20200520144314.0 |
| 006 |
m o d | |
| 007 |
cr cnu|||||||| |
| 008 |
140723s2007 gw ob 001 0 ger|d |
| 020 |
|
|
|z 9783486583458
|
| 020 |
|
|
|a 9783486707380 (e-book)
|
| 035 |
|
|
|a (MiAaPQ)EBC3046010
|
| 035 |
|
|
|a (Au-PeEL)EBL3046010
|
| 035 |
|
|
|a (CaPaEBR)ebr10891403
|
| 035 |
|
|
|a (CaONFJC)MIL610490
|
| 035 |
|
|
|a (OCoLC)922949459
|
| 040 |
|
|
|a MiAaPQ
|b eng
|e rda
|e pn
|c MiAaPQ
|d MiAaPQ
|
| 050 |
|
4 |
|a DD284
|b .W46 2007
|
| 100 |
1 |
|
|a Wentker, Hermann,
|e author.
|
| 245 |
1 |
0 |
|a Aussenpolitik in engen Grenzen :
|b die DDR im internationalen System 1949-1989 : Veroffentlichungen zur SBZ-/DDR-Forschung im Institut fr Zeitgeschichte /
|c Hermann Wentker.
|
| 264 |
|
1 |
|a Munchen :
|b Oldenbourg Wissenschaftsverlag,
|c 2007.
|
| 300 |
|
|
|a 1 online resource (622 pages).
|
| 336 |
|
|
|a text
|2 rdacontent
|
| 337 |
|
|
|a computer
|2 rdamedia
|
| 338 |
|
|
|a online resource
|2 rdacarrier
|
| 490 |
1 |
|
|a Quellen und Darstellungen zur Zeitgeschichte ;
|v Band 72
|
| 504 |
|
|
|a Includes bibliographical references and index.
|
| 588 |
|
|
|a Description based on online resource; title from PDF title page (ebrary, viewed July 21, 2014).
|
| 590 |
|
|
|a Electronic reproduction. Ann Arbor, MI : ProQuest, 2015. Available via World Wide Web. Access may be limited to ProQuest affiliated libraries.
|
| 650 |
|
0 |
|a Political science.
|
| 650 |
|
0 |
|a International relations.
|
| 651 |
|
0 |
|a Germany (East)
|
| 655 |
|
4 |
|a Electronic books.
|
| 797 |
2 |
|
|a ProQuest (Firm)
|
| 830 |
|
0 |
|a Quellen und Darstellungen zur Zeitgeschichte ;
|v Bd. 72.
|
| 856 |
4 |
0 |
|u https://ebookcentral.proquest.com/lib/matrademy/detail.action?docID=3046010
|z Click to View
|